000 00331cam a22001217a 4500
008 180718b1987 xxu||||| |||| 00| 0 eng d
082 _aB136x54 M691r CRS
245 _aRural geography
_cedited by H.N. Misra
260 _aNew Delhi
_bHeritage
_c1987
300 _a462p.
650 _aRural development - India
700 _aMisra, H.N.
999 _c349097
_d349097